| 000 | 00679cam a2200217 a 4500 | ||
|---|---|---|---|
| 999 |
_c5768 _d5768 |
||
| 001 | 16516 | ||
| 003 | BD-DhUAP | ||
| 005 | 20201221103856.0 | ||
| 008 | 201221r20112009ii a b 001 0 eng | ||
| 020 | _a9788131723685 | ||
| 040 |
_aDLC _cDLC _dBD-DhUAP _beng |
||
| 082 | 0 | 0 |
_a658.1511 COS _223 |
| 245 | 0 | 0 |
_aCost accounting : _ba managerial emphasis / _cCharles T. Horngren ... [et al.]. |
| 250 | _a13th ed. | ||
| 260 |
_aDelhi : _bPearson Prentice Hall, _cc2009 [2011]. |
||
| 300 |
_axxiii, 1018 pages : _billustrations ; _c29 cm. |
||
| 504 | _aIncludes bibliographical references and indexes. | ||
| 650 | 0 | _aCost accounting. | |
| 700 | 1 | _aHorngren, Charles T. | |
| 942 |
_2ddc _cBK |
||